000
00339 a2200157 4500
001
59620
020
_a
9783785551882
040
_c
Anchieta - Pituba
100
_a
Meyer, Kai
240
1
0
_a
Die wasserweber
_l
por
245
1
0
_a
Die wasserweber
300
_a
437
362
0
_a
2006
650
4
_a
Literatura juvenil em alemão
942
_c
BK
999
_c
59620
_d
59620